000 01999cam a22004814i 4500
003 PE-LiUPU
005 20250731173144.0
008 150623s2003 bl rb 000 0 por d
020 _a8534508437
035 _a(Sirsi) i9788534508438
040 _aPE-LiUPU
_bspa
_cPE-LiUPU
_erda
049 _aPRUA
082 0 4 _a231.044
_bW55T
_221
100 1 _aWhidden, Woodrow,
_eautor.
245 1 2 _aA trindade :
_bcomo entender os mistérios da pessoa de Deus na Biblia e na história do cristianismo /
_cWoodrow Whidden.
264 1 _aTatuí, SP :
_bCasa Publicadora Brasileira,
_c2003.
300 _a330 páginas ;
_c22 centímetros
336 _atext
_2rdacontent
337 _aunmediated
_2rdamedia
338 _avolume
_2rdacarrier
500 _aIncluye Glosario.
504 _aIncluye bibliografía.
505 0 _aA evidencia bíblica mais forte da trindade -- A plena e eterna divindade de Cristo 1º parte -- A plena e eterna divindade de Cristo: 2º parte -- A personalidade e a divindade do espírito e a unicidade triúna da divindade -- Evidencias trinitarianas no livro de Apocallipse -- Objecoes bíblicas a trindade -- Suplemento ao capítulo 6: Outros textos utilizados contra a trindade -- Objecoes lógicas a trindade.
526 _aSEG42
526 _aSEG41
526 _aSEG40
526 _aSEG39
526 _aP94
526 _aP87
526 _aP86
526 _aP85
526 _aP77
526 _aP76
526 _aP35
650 1 4 _aTrinidad
_xDoctrina.
650 1 4 _aTrinidad
_xTeología.
942 _2ddc
_cBOOK
949 _a231.044 W55T
_wDEWEY
_c1
_i53159
_lCCODEBUL1
_mBUL
_p8.00
_r0
_sY
_tBOOK
_u2015-6-24
_xTEOLOGIA
_PP35
_0COMPRA
_o.STAFF. Colección General
994 _aC0
_bPEPRU
596 _a1
999 _a231.044 W55T
_wDEWEY
_c34961
_i53159
_d34961
_f2021-11-9
_g5
_lCCODEBUL1
_mBUL
_p8.00
_q2
_r0
_sY
_tBOOK
_u2015-6-24
_xTEOLOGIA
_PP35
_0COMPRA
_o.STAFF. Colección Teología
980 _81
_gALBERTO SANCHEZ Responsable de Automatización